[Event "Teplice op 8th"]
[Site "Teplice"]
[Date "2013.06.17"]
[Round "3"]
[White "Polansky, Adam Lubos"]
[Black "Balka, Ludvik"]
[Result "1/2-1/2"]
[WhiteElo "1516"]
[BlackElo "1735"]
[PlyCount "93"]
[EventDate "2013.06.15"]
[EventType "swiss"]
[EventRounds "9"]
[EventCountry "CZE"]
[SourceTitle "CBM 155 Extra"]
[Source "ChessBase"]
[SourceDate "2013.08.26"]
[SourceVersion "1"]
[SourceVersionDate "2013.08.26"]
[SourceQuality "1"]

1. e4 c5 2. Nf3 Nc6 3. d4 cxd4 4. Nxd4 e5 5. Nxc6 bxc6 6. Nc3 Nf6 7. Be3 Bb4 8. Qd3 0-0 9. f3 d5 10. Bd2 d4 11. Ne2 Qa5 12. c3 dxc3 13. Bxc3 Ba6 14. Qc2 Rad8 15. Bxb4 Qxb4+ 16. Qc3 Qxc3+ 17. Nxc3 Bxf1 18. Rxf1 Rd6 19. Ke2 Rfd8 20. Rad1 Kf8 21. Rxd6 Rxd6 22. Rd1 Ke7 23. Rxd6 Kxd6 24. Kd3 Kc5 25. a3 Nh5 26. g3 g6 27. b3 Ng7 28. f4 exf4 29. gxf4 Ne6 30. f5 gxf5 31. exf5 Ng7 32. b4+ Kd6 33. Ke4 a6 34. Na4 Ne8 35. Nc5 Nc7 36. Nb7+ Ke7 37. Nc5 f6 38. Kd4 Nb5+ 39. Ke4 Nxa3 40. Nxa6 h5 41. Nc5 Nc2 42. Nd3 Kd6 43. h4 Ke7 44. Kf4 Nd4 45. Ke4 Ne2 46. Kf3 Nd4+ 47. Kf4 1/2-1/2

[Event "Teplice op 7th"]
[Site "Teplice"]
[Date "2012.06.23"]
[Round "8"]
[White "Balka, Ludvik"]
[Black "Riha, Jaroslav"]
[Result "0-1"]
[WhiteElo "1761"]
[BlackElo "1945"]
[PlyCount "88"]
[EventDate "2012.06.16"]
[EventType "swiss"]
[EventRounds "9"]
[EventCountry "CZE"]
[SourceTitle "CBM 149 Extra"]
[Source "ChessBase"]
[SourceDate "2012.08.24"]
[SourceVersion "1"]
[SourceVersionDate "2012.08.24"]
[SourceQuality "1"]

1. e4 d6 2. d4 Nf6 3. Nc3 g6 4. f4 Bg7 5. Nf3 c5 6. dxc5 Qa5 7. Qd3 Qxc5 8. Qb5+ Qxb5 9. Nxb5 Na6 10. Bd3 0-0 11. c3 Nc5 12. Bc2 Ncxe4 13. 0-0 Bd7 14. Nbd4 Nc5 15. Re1 Rfe8 16. Bd2 Rac8 17. f5 a6 18. fxg6 hxg6 19. Re2 Na4 20. Rb1 Nb6 21. Bb3 Nc4 22. Bg5 b5 23. Rbe1 Kf8 24. Nh4 Rc5 25. Ndf3 Ng8 26. Bc1 Bf6 27. g3 Kg7 28. Bc2 Bg4 29. Re4 Ne5 30. Nxe5 Rxe5 31. Ng2 Bd7 32. Bf4 Rxe4 33. Bxe4 Rc8 34. Rc1 Nh6 35. Bxh6+ Kxh6 36. Kf2 e6 37. Ne3 Kg7 38. Ke2 d5 39. Bf3 b4 40. Kd2 bxc3+ 41. bxc3 Bb5 42. Bg4 Ba4 43. h4 Be5 44. Nxd5 Rd8 0-1

[Event "Teplice op 7th"]
[Site "Teplice"]
[Date "2012.06.16"]
[Round "1"]
[White "Balka, Ludvik"]
[Black "Krcal, Michal"]
[Result "0-1"]
[WhiteElo "1761"]
[BlackElo "2124"]
[PlyCount "58"]
[EventDate "2012.06.16"]
[EventType "swiss"]
[EventRounds "9"]
[EventCountry "CZE"]
[SourceTitle "CBM 149 Extra"]
[Source "ChessBase"]
[SourceDate "2012.08.24"]
[SourceVersion "1"]
[SourceVersionDate "2012.08.24"]
[SourceQuality "1"]

1. e4 e5 2. Nf3 Nc6 3. Bb5 a6 4. Ba4 Nf6 5. 0-0 b5 6. Bb3 Bb7 7. d3 Bc5 8. h3 0-0 9. a3 d6 10. Re1 Ne7 11. Nbd2 Ng6 12. Nf1 Re8 13. Ng5 d5 14. Ng3 h6 15. Nf3 dxe4 16. Nxe4 Nxe4 17. dxe4 Qxd1 18. Rxd1 Bxe4 19. Rd7 Re7 20. Rxe7 Bxe7 21. Be3 Rd8 22. Re1 Bxf3 23. gxf3 Nh4 24. Rc1 Nxf3+ 25. Kg2 e4 26. c3 Rd6 27. Bc2 f5 28. Bb3+ Kf8 29. Bd1 Rg6+ 0-1

[Event "Teplice op 6th"]
[Site "Teplice"]
[Date "2011.06.16"]
[Round "6"]
[White "Okrouhlik, Zdenek"]
[Black "Balka, Ludvik"]
[Result "1/2-1/2"]
[WhiteElo "1884"]
[BlackElo "1786"]
[PlyCount "62"]
[EventDate "2011.06.11"]
[EventType "swiss"]
[EventRounds "9"]
[EventCountry "CZE"]
[SourceTitle "CBM 142 Extra"]
[Source "ChessBase"]
[SourceDate "2011.06.27"]
[SourceVersion "1"]
[SourceVersionDate "2011.06.27"]
[SourceQuality "1"]

1. e4 c5 2. Nf3 Nc6 3. d4 cxd4 4. Nxd4 e5 5. Nb5 d6 6. N1c3 a6 7. Na3 b5 8. Nd5 Nf6 9. Bg5 Be7 10. Bxf6 Bxf6 11. c3 0-0 12. Nc2 Bg5 13. Nce3 Be6 14. Be2 Ne7 15. 0-0 Bxe3 16. Nxe3 d5 17. Bf3 dxe4 18. Bxe4 Rb8 19. Bc2 f5 20. Bb3 Qb6 21. Nd5 Nxd5 22. Bxd5 Rbd8 23. Bxe6+ Qxe6 24. Qe2 Rd7 25. b3 Rfd8 26. Rfd1 e4 27. Rxd7 Qxd7 28. Kf1 Qd3 29. Qxd3 Rxd3 30. Rc1 Kf7 31. Ke2 Ke6 1/2-1/2

[Event "Teplice op 6th"]
[Site "Teplice"]
[Date "2011.06.12"]
[Round "2"]
[White "Kratochvil, Karel"]
[Black "Balka, Ludvik"]
[Result "1-0"]
[WhiteElo "2275"]
[BlackElo "1786"]
[PlyCount "67"]
[EventDate "2011.06.11"]
[EventType "swiss"]
[EventRounds "9"]
[EventCountry "CZE"]
[SourceTitle "CBM 142 Extra"]
[Source "ChessBase"]
[SourceDate "2011.06.27"]
[SourceVersion "1"]
[SourceVersionDate "2011.06.27"]
[SourceQuality "1"]

1. d4 d5 2. c4 e6 3. Nc3 Nf6 4. Bg5 Nbd7 5. Nf3 c6 6. e3 Qa5 7. Nd2 dxc4 8. Bxf6 Nxf6 9. Nxc4 Qd8 10. Bd3 Be7 11. 0-0 0-0 12. f4 c5 13. dxc5 Bxc5 14. Rf3 h6 15. Rg3 Bd7 16. Ne5 Be8 17. Qe2 Qe7 18. Kh1 Rd8 19. Rf1 Kh8 20. Bb1 a6 21. Qc2 Rg8 22. Ng4 g6 23. Nxh6 Rg7 24. Ng4 Nxg4 25. Rxg4 Bc6 26. e4 Rh7 27. Rd1 Rh5 28. Rxd8+ Qxd8 29. Qd1 Qc7 30. e5 b5 31. Rg3 Qe7 32. Be4 Bxe4 33. Nxe4 Kg7 34. Qxh5 1-0

[Event "Teplice op 6th"]
[Site "Teplice"]
[Date "2011.06.11"]
[Round "1"]
[White "Balka, Ludvik"]
[Black "Zwardon, Vojtech"]
[Result "0-1"]
[WhiteElo "1786"]
[BlackElo "2253"]
[PlyCount "60"]
[EventDate "2011.06.11"]
[EventType "swiss"]
[EventRounds "9"]
[EventCountry "CZE"]
[SourceTitle "CBM 142 Extra"]
[Source "ChessBase"]
[SourceDate "2011.06.27"]
[SourceVersion "1"]
[SourceVersionDate "2011.06.27"]
[SourceQuality "1"]

1. e4 c5 2. Nf3 Nc6 3. d4 cxd4 4. Nxd4 g6 5. Nc3 Bg7 6. Be3 Nf6 7. Bc4 0-0 8. 0-0 Nxe4 9. Nxe4 d5 10. Nxc6 bxc6 11. Bd3 dxe4 12. Bxe4 Qc7 13. c3 Ba6 14. Re1 Rfd8 15. Qf3 Rab8 16. Rab1 Be5 17. g3 c5 18. Bh6 e6 19. Qe3 Bg7 20. Bxg7 Kxg7 21. h4 Qe5 22. g4 Qd6 23. b3 c4 24. Rb2 cxb3 25. axb3 Bc4 26. Reb1 Rxb3 27. Rxb3 Bxb3 28. Qxa7 Qd2 29. Qc5 Bd5 30. c4 Rc8 0-1

[Event "Cesky Krumlov op 4th"]
[Site "Cesky Krumlov"]
[Date "2010.11.24"]
[Round "4"]
[White "Lastovicka, Jan"]
[Black "Balka, Ludvik"]
[Result "0-1"]
[WhiteElo "1535"]
[BlackElo "1778"]
[PlyCount "80"]
[EventDate "2010.11.21"]
[EventType "swiss"]
[EventRounds "9"]
[EventCountry "CZE"]
[SourceTitle "CBM 139 Extra"]
[Source "ChessBase"]
[SourceDate "2011.01.05"]
[SourceVersion "1"]
[SourceVersionDate "2011.01.05"]
[SourceQuality "1"]

1. e4 c5 2. Nf3 Nc6 3. Nc3 e6 4. d3 d5 5. exd5 exd5 6. Be2 Nf6 7. Bg5 Be7 8. 0-0 0-0 9. Qd2 Be6 10. d4 Ne4 11. Bxe7 Qxe7 12. Nxe4 dxe4 13. Ng5 Nxd4 14. Nxe6 Qxe6 15. c3 Nxe2+ 16. Qxe2 Rad8 17. Rfd1 a6 18. b3 b5 19. Rd2 c4 20. bxc4 Rxd2 21. Qxd2 Qxc4 22. Qd4 Qxd4 23. cxd4 Rd8 24. Rd1 Rd5 25. Kf1 Kf8 26. Ke2 f5 27. Ke3 Ke7 28. Kf4 h6 29. h4 g6 30. g4 b4 31. g5 h5 32. Ke3 a5 33. Rb1 Kd6 34. a3 Rb5 35. a4 Rb6 36. Rc1 Rc6 37. Rh1 Rc3+ 38. Ke2 Kd5 39. Rd1 f4 40. Rd2 f3+ 0-1

[Event "Cesky Krumlov op 4th"]
[Site "Cesky Krumlov"]
[Date "2010.11.23"]
[Round "3"]
[White "Balka, Ludvik"]
[Black "Stojkovic, Andreja"]
[Result "0-1"]
[WhiteElo "1778"]
[BlackElo "1980"]
[PlyCount "50"]
[EventDate "2010.11.21"]
[EventType "swiss"]
[EventRounds "9"]
[EventCountry "CZE"]
[SourceTitle "CBM 139 Extra"]
[Source "ChessBase"]
[SourceDate "2011.01.05"]
[SourceVersion "1"]
[SourceVersionDate "2011.01.05"]
[SourceQuality "1"]

1. e4 e5 2. Nf3 Nc6 3. Bb5 f5 4. Bxc6 dxc6 5. exf5 e4 6. Qe2 Qe7 7. Nd4 Qe5 8. Nb3 Bxf5 9. d3 Bd6 10. dxe4 Qxe4 11. c3 Qxe2+ 12. Kxe2 0-0-0 13. f3 Nf6 14. Bg5 Rde8+ 15. Kf2 Nd5 16. N1d2 h6 17. Bh4 Nf4 18. Nc1 Bc5+ 19. Kf1 g5 20. Be1 Nd3 21. Ne2 Nxb2 22. Nd4 Bd3+ 23. Kf2 h5 24. N2b3 Bb6 25. Bd2 c5 0-1

[Event "Teplice op 5th"]
[Site "Teplice"]
[Date "2010.06.20"]
[Round "9"]
[White "Valenta, Petr"]
[Black "Balka, Ludvik"]
[Result "1-0"]
[WhiteElo "1967"]
[BlackElo "1771"]
[PlyCount "53"]
[EventDate "2010.06.12"]
[EventType "swiss"]
[EventRounds "9"]
[EventCountry "CZE"]
[SourceTitle "CBM 136 Extra"]
[Source "ChessBase"]
[SourceDate "2010.07.02"]
[SourceVersion "2"]
[SourceVersionDate "2010.07.15"]
[SourceQuality "1"]

1. d4 d5 2. c4 e6 3. Nc3 Nf6 4. Nf3 Nbd7 5. e3 c5 6. cxd5 cxd4 7. dxe6 dxc3 8. exd7+ Qxd7 9. Qb3 a6 10. bxc3 Bd6 11. Bb2 0-0 12. Bd3 h6 13. Rd1 Qe7 14. h3 b5 15. Nd4 Bd7 16. Nf5 Bxf5 17. Bxf5 Rad8 18. Qc2 Qc7 19. 0-0 Qc5 20. Bd3 Qe5 21. g3 Nh5 22. c4 Qg5 23. h4 Qe7 24. Qe2 Nf6 25. cxb5 axb5 26. Bxf6 Qxf6 27. Bxb5 1-0

[Event "Teplice op 5th"]
[Site "Teplice"]
[Date "2010.06.18"]
[Round "7"]
[White "Klimek, Petr"]
[Black "Balka, Ludvik"]
[Result "1-0"]
[WhiteElo "1979"]
[BlackElo "1771"]
[PlyCount "55"]
[EventDate "2010.06.12"]
[EventType "swiss"]
[EventRounds "9"]
[EventCountry "CZE"]
[SourceTitle "CBM 136 Extra"]
[Source "ChessBase"]
[SourceDate "2010.07.02"]
[SourceVersion "2"]
[SourceVersionDate "2010.07.15"]
[SourceQuality "1"]

1. e4 c5 2. c3 Nc6 3. d4 cxd4 4. cxd4 d6 5. d5 Ne5 6. f4 Nd7 7. Nf3 Ngf6 8. e5 dxe5 9. fxe5 Ng4 10. e6 fxe6 11. dxe6 Qb6 12. exd7+ Bxd7 13. Qd4 Qxd4 14. Nxd4 0-0-0 15. h3 e5 16. Nb5 Bb4+ 17. N1c3 Bxc3+ 18. Nxc3 Nf6 19. Be2 Bc6 20. 0-0 h6 21. Be3 Kb8 22. Rad1 b6 23. Rxd8+ Rxd8 24. Bd1 Kc7 25. Kf2 g5 26. Bf3 e4 27. Bd1 Kd6 28. Bd4 1-0

[Event "Teplice op 5th"]
[Site "Teplice"]
[Date "2010.06.17"]
[Round "6"]
[White "Balka, Ludvik"]
[Black "Hajek, Jaroslav"]
[Result "1/2-1/2"]
[WhiteElo "1771"]
[BlackElo "2002"]
[PlyCount "61"]
[EventDate "2010.06.12"]
[EventType "swiss"]
[EventRounds "9"]
[EventCountry "CZE"]
[SourceTitle "CBM 136 Extra"]
[Source "ChessBase"]
[SourceDate "2010.07.02"]
[SourceVersion "2"]
[SourceVersionDate "2010.07.15"]
[SourceQuality "1"]

1. e4 d5 2. exd5 Qxd5 3. d4 Nf6 4. c4 Qe4+ 5. Be3 e6 6. Nc3 Bb4 7. Qd2 Bxc3 8. Qxc3 0-0 9. Nf3 Nbd7 10. Bd3 Qc6 11. 0-0 b6 12. Rac1 Bb7 13. Rfd1 Rad8 14. Bf1 Qd6 15. Ne5 Ne4 16. Qd3 Nxe5 17. dxe5 Qe7 18. Qe2 Nc5 19. Qg4 Nd7 20. Bh6 f5 21. exf6 Qxf6 22. Be3 Qf5 23. Qxf5 exf5 24. Bf4 c5 25. b3 Nf6 26. f3 Rfe8 27. Kf2 Kf7 28. Bc7 Rc8 29. Bf4 Rcd8 30. Bc7 Rc8 31. Bf4 1/2-1/2

[Event "Teplice op 5th"]
[Site "Teplice"]
[Date "2010.06.15"]
[Round "4"]
[White "Balka, Ludvik"]
[Black "Stranska, Kamila"]
[Result "1-0"]
[WhiteElo "1771"]
[BlackElo "1547"]
[PlyCount "83"]
[EventDate "2010.06.12"]
[EventType "swiss"]
[EventRounds "9"]
[EventCountry "CZE"]
[SourceTitle "CBM 136 Extra"]
[Source "ChessBase"]
[SourceDate "2010.07.02"]
[SourceVersion "2"]
[SourceVersionDate "2010.07.15"]
[SourceQuality "1"]

1. e4 d5 2. exd5 Nf6 3. d4 Nxd5 4. c4 Nb6 5. Nc3 Bf5 6. Be3 e6 7. Nf3 Nc6 8. a3 Bg4 9. c5 Nd5 10. Nxd5 exd5 11. Be2 Be7 12. 0-0 0-0 13. b4 a6 14. h3 Bh5 15. Bd3 Bf6 16. Bxh7+ Kh8 17. Bc2 Kg8 18. g4 Bg6 19. Bxg6 fxg6 20. Qd3 Qe8 21. Rfe1 Qf7 22. Re2 Rae8 23. Raa2 Re4 24. Nd2 Re6 25. f4 Bd8 26. Rf2 Rf6 27. Nf3 Re6 28. Ne5 Nxe5 29. dxe5 c6 30. Bd4 Ree8 31. f5 gxf5 32. gxf5 Qh5 33. Rf3 Bc7 34. e6 Bd8 35. Rg2 Bf6 36. Bxf6 Rxf6 37. Rfg3 Re7 38. Rg5 Qh7 39. Qf3 Kf8 40. Qf4 Re8 41. Qd6+ Kg8 42. Qd7 1-0

[Event "Teplice op 5th"]
[Site "Teplice"]
[Date "2010.06.14"]
[Round "3"]
[White "Cenek, Miroslav1111"]
[Black "Balka, Ludvik"]
[Result "1-0"]
[WhiteElo "1939"]
[BlackElo "1771"]
[PlyCount "63"]
[EventDate "2010.06.12"]
[EventType "swiss"]
[EventRounds "9"]
[EventCountry "CZE"]
[SourceTitle "CBM 136 Extra"]
[Source "ChessBase"]
[SourceDate "2010.07.02"]
[SourceVersion "2"]
[SourceVersionDate "2010.07.15"]
[SourceQuality "1"]

1. Nc3 c5 2. e4 Nc6 3. g3 Nf6 4. Bg2 e6 5. f4 d6 6. Nf3 Be7 7. 0-0 0-0 8. d3 b6 9. Ne2 Bb7 10. c3 Qc7 11. Qc2 Rac8 12. h3 h6 13. g4 Nh7 14. Ng3 Rfe8 15. Be3 Qd7 16. Rae1 d5 17. Bc1 d4 18. c4 Qc7 19. a3 g5 20. Nh5 f6 21. Qe2 e5 22. fxg5 fxg5 23. Ng3 Rf8 24. Nf5 Rf6 25. Qf2 Rcf8 26. Qg3 R8f7 27. h4 Rg6 28. Rf2 Bc8 29. Ref1 gxh4 30. N3xh4 Bxh4 31. Qxh4 Bxf5 32. exf5 1-0

[Event "Teplice op 5th"]
[Site "Teplice"]
[Date "2010.06.12"]
[Round "1"]
[White "Hrbolka, Ladislav"]
[Black "Balka, Ludvik"]
[Result "1-0"]
[WhiteElo "2135"]
[BlackElo "1771"]
[PlyCount "51"]
[EventDate "2010.06.12"]
[EventType "swiss"]
[EventRounds "9"]
[EventCountry "CZE"]
[SourceTitle "CBM 136 Extra"]
[Source "ChessBase"]
[SourceDate "2010.07.02"]
[SourceVersion "2"]
[SourceVersionDate "2010.07.15"]
[SourceQuality "1"]

1. d4 d5 2. c4 e6 3. Nc3 Nf6 4. cxd5 Nxd5 5. e4 Nxc3 6. bxc3 Nc6 7. Nf3 g6 8. Bb5 Bd7 9. 0-0 Bg7 10. Bg5 Bf6 11. Bh6 a6 12. Ba4 Ne7 13. Bc2 Rg8 14. Qd2 Bg7 15. Bf4 f6 16. Rab1 b5 17. Bb3 Rh8 18. Rfe1 Rc8 19. c4 c5 20. dxc5 Rxc5 21. cxb5 e5 22. Be3 Rxb5 23. Red1 Rb8 24. Qd6 Bb5 25. Qe6 Rc8 26. Qf7# 1-0

[Event "Pardubice KV op"]
[Site "Pardubice"]
[Date "2010.??.??"]
[Round "3"]
[White "Balka, Ludvik"]
[Black "Martan, Petr"]
[Result "1-0"]
[WhiteElo "1770"]
[BlackElo "1571"]
[PlyCount "87"]
[EventDate "2010.07.??"]
[EventType "swiss"]
[EventRounds "7"]
[EventCountry "CZE"]
[SourceTitle "EXT 2012"]
[Source "ChessBase"]
[SourceDate "2011.11.24"]
[SourceVersion "1"]
[SourceVersionDate "2011.11.24"]
[SourceQuality "1"]

1. e4 c5 2. Nf3 Nc6 3. d4 cxd4 4. Nxd4 g6 5. Be3 Bg7 6. Nc3 e5 7. Ndb5 Nd4 8. Nxd4 exd4 9. Bxd4 Bxd4 10. Qxd4 Qf6 11. Qxf6 Nxf6 12. Bd3 0-0 13. 0-0 b6 14. Nd5 Nxd5 15. exd5 Bb7 16. c4 b5 17. b3 Rac8 18. Rfe1 Rfe8 19. Re3 Rxe3 20. fxe3 f5 21. Kf2 Kf7 22. Kf3 Kf6 23. h4 Ke5 24. g4 a6 25. gxf5 gxf5 26. Rg1 Rf8 27. Rg7 f4 28. Rg5+ Kd6 29. exf4 bxc4 30. bxc4 Kc5 31. Ke4 d6 32. Rg7 Bc8 33. Rc7+ Kb4 34. Kf3 Kc3 35. Bxh7 Kb2 36. Rc6 Kxa2 37. Rxd6 Rh8 38. Rc6 Rxh7 39. Rxc8 Rxh4 40. d6 Rh3+ 41. Ke4 Rh4 42. c5 Kb3 43. c6 Kc4 44. Rc7 1-0

[Event "Pardubice KV op"]
[Site "Pardubice"]
[Date "2010.??.??"]
[Round "7"]
[White "Balka, Ludvik"]
[Black "Schmidt, Detlef"]
[Result "0-1"]
[WhiteElo "1770"]
[BlackElo "1855"]
[PlyCount "82"]
[EventDate "2010.07.??"]
[EventType "swiss"]
[EventRounds "7"]
[EventCountry "CZE"]
[SourceTitle "EXT 2012"]
[Source "ChessBase"]
[SourceDate "2011.11.24"]
[SourceVersion "1"]
[SourceVersionDate "2011.11.24"]
[SourceQuality "1"]

1. e4 c5 2. Nf3 a6 3. d4 cxd4 4. Nxd4 Nf6 5. Nc3 e5 6. Nde2 Bc5 7. Ng3 d6 8. Be2 0-0 9. 0-0 Nc6 10. Bg5 h6 11. Bxf6 Qxf6 12. Nd5 Qd8 13. c3 Be6 14. b4 Ba7 15. Bc4 Rc8 16. Bb3 Ne7 17. Nxe7+ Qxe7 18. Bxe6 fxe6 19. Rc1 Rc4 20. Qd3 b5 21. Ne2 Rfc8 22. Kh1 Rd8 23. f4 d5 24. Rcd1 Rxe4 25. fxe5 Re3 26. Qc2 Rf8 27. Nf4 Rc8 28. Rd3 Qf7 29. Qc1 Rxe5 30. Nxd5 Qe8 31. Nf4 Rg5 32. Rdf3 Qc6 33. Qc2 e5 34. Qb3+ Kh7 35. Ne6 Rg6 36. Nxg7 Rxg7 37. Qc2+ e4 38. Rf6 Qc4 39. Qc1 e3 40. Qc2+ Kg8 41. R1f4 e2 0-1

[Event "Cesky Krumlov op 3rd"]
[Site "Cesky Krumlov"]
[Date "2009.11.17"]
[Round "5"]
[White "Balka, Ludvik"]
[Black "Adamek, Przemyslaw"]
[Result "0-1"]
[WhiteElo "1769"]
[BlackElo "2075"]
[PlyCount "96"]
[EventDate "2009.11.14"]
[EventType "swiss"]
[EventRounds "9"]
[EventCountry "CZE"]
[SourceTitle "EXT 2010"]
[Source "ChessBase"]
[SourceDate "2010.11.25"]
[SourceVersion "1"]
[SourceVersionDate "2010.11.25"]
[SourceQuality "1"]

1. e4 c5 2. Nf3 Nc6 3. d4 cxd4 4. Nxd4 Nf6 5. Nc3 e5 6. Ndb5 d6 7. Nd5 Nxd5 8. exd5 Nb8 9. c4 Be7 10. Be2 0-0 11. 0-0 a6 12. Nc3 f5 13. f4 Bf6 14. fxe5 Bxe5 15. Qd3 g6 16. g3 Nd7 17. b3 Nc5 18. Qc2 b5 19. Bb2 b4 20. Nd1 Qf6 21. Bxe5 dxe5 22. Nf2 e4 23. Rad1 a5 24. Qd2 Bd7 25. Ng4 Qb6 26. Ne3 a4 27. Rb1 axb3 28. axb3 Ra3 29. Qd4 Rb8 30. Bd1 Nd3 31. Qxb6 Rxb6 32. Bc2 Nc5 33. Ra1 Rba6 34. Rxa3 Rxa3 35. Rb1 Kf7 36. Bd1 Kf6 37. Nc2 Rxb3 38. Rxb3 Nxb3 39. Nxb4 Nc5 40. Kf2 Ke5 41. Ke3 g5 42. Bc2 f4+ 43. gxf4+ gxf4+ 44. Ke2 Bg4+ 45. Ke1 Kd4 46. Nc6+ Ke3 47. Ne5 Bh3 48. d6 f3 0-1

[Event "Cesky Krumlov op 3rd"]
[Site "Cesky Krumlov"]
[Date "2009.11.14"]
[Round "1"]
[White "Balka, Ludvik"]
[Black "Snorek, Milan"]
[Result "0-1"]
[WhiteElo "1769"]
[BlackElo "2151"]
[PlyCount "46"]
[EventDate "2009.11.14"]
[EventType "swiss"]
[EventRounds "9"]
[EventCountry "CZE"]
[SourceTitle "EXT 2010"]
[Source "ChessBase"]
[SourceDate "2010.11.25"]
[SourceVersion "1"]
[SourceVersionDate "2010.11.25"]
[SourceQuality "1"]

1. e4 c5 2. Nf3 d6 3. d4 cxd4 4. Nxd4 Nf6 5. Nc3 a6 6. Bc4 e6 7. Bb3 b5 8. a3 Bb7 9. Bg5 h6 10. Bxf6 Qxf6 11. 0-0 g6 12. Qd3 Nd7 13. Nf3 Nc5 14. Qe2 Nxb3 15. cxb3 Qd8 16. Rfd1 Be7 17. e5 d5 18. Qe3 Kf8 19. Ne4 Kg7 20. Rac1 Rc8 21. Rxc8 Qxc8 22. Rc1 Qb8 23. Qf4 dxe4 0-1

[Event "Cesky Krumlov op 1st"]
[Site "Cesky Krumlov"]
[Date "2007.10.15"]
[Round "4"]
[White "Tesar, Jan"]
[Black "Balka, Ludvik"]
[Result "1-0"]
[WhiteElo "2069"]
[BlackElo "1773"]
[PlyCount "37"]
[EventDate "2007.10.13"]
[EventType "swiss"]
[EventRounds "9"]
[EventCountry "CZE"]
[SourceTitle "EXT 2008"]
[Source "ChessBase"]
[SourceDate "2007.11.25"]
[SourceVersion "1"]
[SourceVersionDate "2007.11.25"]
[SourceQuality "1"]

1. c4 c5 2. Nf3 Nf6 3. Nc3 e6 4. d4 cxd4 5. Nxd4 Nc6 6. Ndb5 d6 7. Bf4 e5 8. Bg5 a6 9. Na3 Be6 10. g3 Be7 11. Bg2 0-0 12. 0-0 Rc8 13. b3 d5 14. Bxf6 gxf6 15. cxd5 Bxd5 16. Nxd5 Bxa3 17. e3 f5 18. Qh5 e4 19. Qxf5 1-0

[Event "Pobeskydy Chance 18th"]
[Site "Frydek Mistek"]
[Date "2007.04.05"]
[Round "1"]
[White "Balka, Ludvik"]
[Black "Dudys, Jakub"]
[Result "0-1"]
[WhiteElo "1803"]
[BlackElo "2127"]
[PlyCount "112"]
[EventDate "2007.04.05"]
[EventType "swiss"]
[EventRounds "9"]
[EventCountry "CZE"]
[SourceTitle "CBM 118 Extra"]
[Source "ChessBase"]
[SourceDate "2007.07.04"]
[SourceVersion "1"]
[SourceVersionDate "2007.07.04"]
[SourceQuality "1"]

1. e4 c5 2. Nf3 e6 3. d4 cxd4 4. Nxd4 a6 5. Nc3 Qc7 6. Bd3 Nc6 7. Nxc6 dxc6 8. a3 e5 9. Be3 b5 10. 0-0 Nf6 11. h3 Bd6 12. Ne2 Bb7 13. Ng3 0-0 14. Nf5 Rfd8 15. Qf3 Bc8 16. g4 Bxf5 17. gxf5 Nd7 18. Kh1 Bc5 19. Bd2 Be7 20. Rg1 Bf6 21. Bh6 Kh8 22. Bd2 Qd6 23. Rg4 Qe7 24. Rag1 Rg8 25. c4 Rab8 26. cxb5 axb5 27. Bb1 c5 28. h4 Nb6 29. Bg5 Nc4 30. Qh3 Nxb2 31. h5 Bxg5 32. Rxg5 h6 33. R5g4 c4 34. Qe3 Ra8 35. R1g3 Na4 36. Rf3 Ra6 37. Bc2 Rc6 38. Rfg3 Nb6 39. f4 Nd7 40. Qa7 exf4 41. Rxf4 Qe5 42. Rff3 Rd6 43. Rg2 Qf6 44. Qf2 Ne5 45. Rh3 Nd3 46. Qf1 Ne5 47. Qe2 Nc6 48. Rgg3 Rgd8 49. Rg2 Rd2 50. Qg4 c3 51. Bb3 Rxg2 52. Qxg2 Rd2 53. Qf1 Nd4 54. Rxc3 Qh4+ 55. Rh3 Qxe4+ 56. Kg1 Ne2+ 0-1

[Event "Prague op-B 06th"]
[Site "Prague"]
[Date "2007.01.12"]
[Round "2"]
[White "Balka, Ludvik"]
[Black "Misovic, Jan"]
[Result "1-0"]
[WhiteElo "1799"]
[BlackElo "2003"]
[PlyCount "87"]
[EventDate "2007.01.11"]
[EventType "swiss"]
[EventRounds "9"]
[EventCountry "CZE"]
[SourceTitle "CBM 116 Extra"]
[Source "ChessBase"]
[SourceDate "2007.03.07"]
[SourceVersion "1"]
[SourceVersionDate "2007.03.07"]
[SourceQuality "1"]

1. e4 c5 2. Nf3 d6 3. Nc3 Nc6 4. d4 cxd4 5. Nxd4 Nf6 6. Bc4 g6 7. Nxc6 bxc6 8. Bb3 Qc7 9. 0-0 Bg7 10. Re1 0-0 11. Be3 e5 12. h3 Be6 13. Qd2 d5 14. exd5 cxd5 15. Nxd5 Nxd5 16. Bxd5 Bxd5 17. Qxd5 Qxc2 18. Qd2 Rfc8 19. Rac1 Qxd2 20. Bxd2 Rxc1 21. Rxc1 e4 22. b4 Be5 23. a4 a6 24. g3 Kf8 25. Be3 Bd6 26. Bc5 Ke7 27. Bxd6+ Kxd6 28. Kf1 Ra7 29. Ke2 Rb7 30. Rb1 Kd5 31. Ke3 f5 32. h4 Kc4 33. b5 axb5 34. axb5 Rxb5 35. Rxb5 Kxb5 36. Kf4 Kc4 37. g4 fxg4 38. Kxg4 h5+ 39. Kf4 Kd4 40. Kg5 Ke5 41. Kxg6 Kf4 42. Kxh5 Kf5 43. Kh6 Kf6 44. h5 1-0

[Event "CZE-ch Juniors op-B"]
[Site "Zlate Hory"]
[Date "2006.03.19"]
[Round "9"]
[White "Pazdera, Jaroslav"]
[Black "Balka, Ludvik"]
[Result "1-0"]
[WhiteElo "1613"]
[BlackElo "1690"]
[PlyCount "61"]
[EventDate "2006.03.11"]
[EventType "swiss"]
[EventRounds "9"]
[EventCountry "CZE"]
[SourceTitle "EXT 2008"]
[Source "ChessBase"]
[SourceDate "2007.11.25"]
[SourceVersion "1"]
[SourceVersionDate "2007.11.25"]
[SourceQuality "1"]

1. e4 c5 2. Bc4 Nc6 3. Nf3 e6 4. Nc3 Nf6 5. d3 Na5 6. Be3 Nxc4 7. dxc4 Be7 8. 0-0 0-0 9. h3 h6 10. Nh2 d6 11. f4 Qc7 12. Rf3 Qc6 13. Qd3 b6 14. Ng4 Nxe4 15. Nxh6+ gxh6 16. Nxe4 f5 17. Nd2 Bb7 18. Qe2 Kf7 19. Rg3 Bh4 20. Qh5+ Ke7 21. Rg7+ Kd8 22. Qxh4+ Kc8 23. Qxh6 Re8 24. a4 a5 25. b3 Ra7 26. Rf1 Ba8 27. Rf3 Rae7 28. Rfg3 e5 29. Qf6 exf4 30. Qxf5+ Kb8 31. Qxf4 1-0

[Event "CZE-ch Juniors op-B"]
[Site "Zlate Hory"]
[Date "2006.03.14"]
[Round "5"]
[White "Seiner, Frantisek"]
[Black "Balka, Ludvik"]
[Result "1-0"]
[WhiteElo "1699"]
[BlackElo "1690"]
[PlyCount "55"]
[EventDate "2006.03.11"]
[EventType "swiss"]
[EventRounds "9"]
[EventCountry "CZE"]
[SourceTitle "EXT 2008"]
[Source "ChessBase"]
[SourceDate "2007.11.25"]
[SourceVersion "1"]
[SourceVersionDate "2007.11.25"]
[SourceQuality "1"]

1. d4 d5 2. c4 e6 3. Nc3 Nf6 4. Nf3 c6 5. Bg5 Nbd7 6. c5 Be7 7. e3 0-0 8. Bd3 b6 9. b4 a5 10. a3 Ba6 11. Bxa6 Rxa6 12. Qd3 b5 13. 0-0 a4 14. Nd2 h6 15. Bh4 Ra8 16. e4 Re8 17. e5 Nh7 18. Bxe7 Qxe7 19. f4 Qh4 20. Rf3 f5 21. Raf1 Nhf8 22. Rh3 Qe7 23. Qf3 Qf7 24. Nd1 Ng6 25. Ne3 Rf8 26. Qg3 Rae8 27. Nf3 Kh7 28. Ng5+ 1-0